[Event "Cannes op"]
[Site "Cannes"]
[Date "1996.??.??"]
[Round "3"]
[White "Minasian, Artashes"]
[Black "Jurkovic, Hrvoje"]
[Result "1-0"]
[WhiteElo "2580"]
[BlackElo "2390"]

1.e4 c5 2.Nf3 e6 3.d4 cxd4 4.Nxd4 a6 5.Bd3 Nc6 6.Nb3 Nf6 7.f4 d6 8.c4 e5
9.Nc3 exf4 10.Bxf4 Be7 11.O-O O-O 12.Nd5 Nxd5 13.exd5 Ne5 14.Bxe5 dxe5 15.c5 f5
16.d6 Bg5 17.Bc4+ Kh8 18.Qd5 Re8 19.Rae1 Be6 20.Qd3 e4 21.Qc2 g6 22.Bxe6 Rxe6
23.Nd4 Re8 24.b4 Qd7 25.Nb3 Qg7 26.Re2 Rad8 27.Rd1 Qe5 28.Na5 Qg7 29.a4 Bf6
30.Nc4 a5 31.Nxa5 e3 32.Qd3 Re4 33.Qd5 Rxb4 34.c6 b6 35.Nb7 Rd4 36.Rxd4 Bxd4  1-0

[Event "Cannes Martinez op"]
[Site "Cannes"]
[Date "1996.??.??"]
[Round "3"]
[White "Fontaine, Robert"]
[Black "Oratovsky, Michael"]
[Result "1/2-1/2"]
[WhiteElo "2360"]
[BlackElo "2485"]

1.e4 c5 2.Nf3 e6 3.d4 cxd4 4.Nxd4 a6 5.Bd3 g6 6.O-O Bg7 7.Be3 Nf6 8.Nc3 d6
9.f4 O-O 10.a4 b6 11.Be2 Bb7 12.Bf3 Nbd7 13.f5 Nc5 14.fxe6 fxe6 15.e5 Bxf3
16.Nxf3 dxe5 17.Bxc5 bxc5 18.Qe2 e4 19.Nxe4 Nxe4 20.Qxe4 Qd5 21.Rae1 Qxe4
22.Rxe4 Bxb2 23.Rxe6 a5 24.Rb1 Rab8 25.Rbe1 Bc3 26.R1e2 Rb4 27.R2e4 Rb2 28.Re2 Rb4
29.R2e4 c4 30.Rc6 Rxa4 31.Rcxc4 Rxc4 32.Rxc4 Bb4 33.c3 Bd6 34.Ra4 Bc7 35.Nd4 Bb6
36.Ra3 Rf6 37.g3 Kf7 38.Kg2 h5 39.Ra2 Ke7 40.Nb3 Rf5 41.c4  1/2-1/2

[Event "Cannes Martinez op"]
[Site "Cannes"]
[Date "1996.??.??"]
[Round "5"]
[White "Jaulin, Marc"]
[Black "Guyot, Philippe"]
[Result "1-0"]
[WhiteElo "2150"]
[BlackElo "2270"]

1.e4 c5 2.Nf3 e6 3.d4 cxd4 4.Nxd4 a6 5.Bd3 Nf6 6.O-O d6 7.c4 g6 8.Nc3 Bg7
9.b3 O-O 10.Bb2 Nbd7 11.Qd2 b6 12.Rae1 Bb7 13.Bb1 Qc7 14.f4 e5 15.Nf3 Bh6
16.Ng5 exf4 17.Nh3 Nh5 18.g3 Ndf6 19.Nd5 Nxd5 20.cxd5 Qc5+ 21.Kh1 f5 22.Nxf4 Nxf4
23.gxf4 fxe4 24.Bxe4 Rae8 25.Rc1 Rxe4 26.Rxc5 dxc5 27.Qd3 Rf5 28.Kg1 Bxd5
29.Be5 Rfxe5 30.fxe5 Rd4 31.Qh3  1-0

[Event "Cannes op"]
[Site "Cannes"]
[Date "1996.??.??"]
[Round "8"]
[White "Mauro, Alan"]
[Black "Sulava, Nenad"]
[Result "1-0"]
[WhiteElo "2315"]
[BlackElo "2480"]

1.e4 c5 2.Nf3 e6 3.d4 cxd4 4.Nxd4 a6 5.Bd3 Bc5 6.Nb3 Ba7 7.O-O Ne7 8.Qe2 d6
9.Be3 Bxe3 10.Qxe3 e5 11.c4 Nbc6 12.Nc3 O-O 13.Rad1 Be6 14.Nd5 a5 15.c5 Bxd5
16.exd5 Nb4 17.Bb1 f5 18.cxd6 Qxd6 19.Qc5 Rfd8 20.Rfe1 a4 21.Qxd6 Rxd6 22.Nd4 e4
23.f3 Rad8 24.fxe4 fxe4 25.Bxe4 Nbxd5 26.Nb5 R6d7 27.a3 Nf6 28.Bc2 Kf8 29.Bxa4 Rd2
30.Nc7 R8d6 31.Ne6+ Kf7 32.Ng5+ Kf8 33.Bb3 Rxd1 34.Rxd1 Rxd1+ 35.Bxd1 Nf5
36.Bf3 b6 37.Kf2 Ke7 38.Ne4 Nxe4+ 39.Bxe4 Nd6 40.Bxh7 Nc4 41.b3 Nxa3 42.Bd3 Kd6
43.h4 Kc5 44.g4 Kd4 45.Ke2 b5 46.h5 b4 47.g5  1-0

[Event "Cappelle op"]
[Site "Cappelle la Grande "]
[Date "1996.??.??"]
[Round "2"]
[White "Aronian, Levon"]
[Black "Sulava, Nenad"]
[Result "0-1"]
[WhiteElo "2310"]
[BlackElo "2480"]

1.e4 c5 2.Nf3 e6 3.d4 cxd4 4.Nxd4 a6 5.Bd3 Qb6 6.Nb3 Qc7 7.Nc3 Nf6 8.O-O d6
9.f4 Nbd7 10.Qf3 Be7 11.Be3 b5 12.g4 h6 13.Qh3 g6 14.g5 Nh5 15.gxh6 Ndf6
16.f5 gxf5 17.exf5 b4 18.Ne4 e5 19.Kf2 Bb7 20.Nxf6+ Nxf6 21.Rg1 Nd5 22.Bd2 a5
23.Bb5+ Kd8 24.Ba4 Qb6+ 25.Kf1 Ba6+ 26.Kg2 Kc7 27.h7 Nf6 28.Qe3 Qb7+ 29.Kf2 Ne4+
30.Ke1 Bh4+  0-1

[Event "Cappelle op"]
[Site "Cappelle la Grande "]
[Date "1996.??.??"]
[Round "7"]
[White "Gurevich, Vladimir"]
[Black "Landa, Konstantin"]
[Result "1/2-1/2"]
[WhiteElo "2445"]
[BlackElo "2560"]

1.e4 c5 2.Nf3 e6 3.d4 cxd4 4.Nxd4 a6 5.Bd3 g6 6.O-O Bg7 7.Nf3 Nc6 8.c4 Nge7
9.Nc3 d5 10.exd5 exd5 11.cxd5  1/2-1/2

[Event "Cappelle op"]
[Site "Cappelle la Grande "]
[Date "1996.??.??"]
[Round "7"]
[White "Kudrin, Sergey"]
[Black "Oratovsky, Michael"]
[Result "1/2-1/2"]
[WhiteElo "2535"]
[BlackElo "2485"]

1.e4 c5 2.Nf3 e6 3.d4 cxd4 4.Nxd4 a6 5.Bd3 g6 6.c4 Bg7 7.Nb3 Nc6 8.O-O Nge7
9.Nc3 O-O 10.Bg5 h6 11.Bh4 g5 12.Bg3 Ne5 13.Re1 N7g6 14.Bf1 b6 15.a4 d6  1/2-1/2

[Event "WLS-ch"]
[Site "Cardiff"]
[Date "1996.??.??"]
[Round "4"]
[White "Richmond, Peter"]
[Black "Downey, Kevin"]
[Result "1-0"]
[WhiteElo "2190"]
[BlackElo "2055"]

1.e4 c5 2.Nf3 e6 3.d4 cxd4 4.Nxd4 a6 5.Bd3 Nf6 6.O-O Qc7 7.Kh1 d6 8.c4 g6
9.b3 Bg7 10.Bb2 O-O 11.Nc3 Nbd7 12.f4 e5 13.Nc2 exf4 14.Rxf4 Ne5 15.Ne3 Be6
16.Qe2 Rad8 17.Raf1 Ned7 18.Rxf6 Bxf6 19.Ncd5 Bxb2 20.Qxb2 Ne5 21.Nxc7 Nxd3
22.Qf6 Nc5 23.Ned5 Bxd5 24.Nxd5 h6 25.Qf4 Kg7 26.e5  1-0

[Event "Castellar op"]
[Site "?"]
[Date "1996.??.??"]
[Round "?"]
[White "Korneev, Oleg"]
[Black "Narciso Dublan, Marc"]
[Result "1/2-1/2"]
[WhiteElo "2590"]
[BlackElo "2440"]

1.e4 c5 2.Nf3 e6 3.d4 cxd4 4.Nxd4 a6 5.Bd3 Ne7 6.f4 Nec6 7.Nf3 Bc5 8.Qe2 d6
9.Nc3 Nd7 10.Bd2 b5 11.O-O-O Bb7 12.Kb1 Qe7 13.Rhe1 Nb4 14.Be3 O-O 15.g4 Rac8
16.g5 Rfd8 17.h4 Nxd3 18.cxd3 b4 19.Na4 Bxe3 20.Qxe3 Bc6 21.Nb6 Nxb6 22.Qxb6 Ba4
23.Rc1 Bb5 24.Qe3 Qb7 25.Rxc8 Rxc8 26.Rc1 g6 27.Qd4 Rxc1+ 28.Kxc1 Qc7+ 29.Kb1 a5
30.Nd2 Qc6  1/2-1/2

[Event "Castellar op"]
[Site "?"]
[Date "1996.??.??"]
[Round "?"]
[White "De la Riva Aguado, Oscar"]
[Black "Comas Fabrego, Luis"]
[Result "1/2-1/2"]
[WhiteElo "2470"]
[BlackElo "2470"]

1.e4 c5 2.Nf3 e6 3.d4 cxd4 4.Nxd4 a6 5.Bd3 Qc7 6.O-O Nf6 7.Qe2 d6 8.c4 Nbd7
9.Nc3 Be7 10.f4 O-O 11.Nf3 b6 12.e5 Ne8 13.Bd2 Bb7 14.Rae1 g6 15.Kh1 Rc8
16.b3 Nc5 17.Bb1 Ng7 18.Ne4 Nxe4 19.Bxe4 Rfd8 20.Rc1 Qb8 21.Bc3 Bxe4 22.Qxe4 d5
23.cxd5 Rxd5 24.Bd4 b5 25.Bg1 h5 26.Nd4 Bc5 27.Nf3 Bxg1 28.Rxg1 Nf5 29.Qb4 Rxc1
30.Rxc1 Qd8 31.h3 Nd4 32.Nxd4 Rxd4 33.Qa3 a5 34.Qc5 b4 35.Qc8 Qxc8 36.Rxc8+ Kg7
37.Rc5 Rxf4 38.Rxa5 g5 39.g3 Rf2 40.Ra4 Re2 41.Rxb4 Rxa2 42.Kg1 Kg6 43.Rb5 Kf5  1/2-1/2

[Event "Cetinje"]
[Site "Cetinje"]
[Date "1996.??.??"]
[Round "?"]
[White "Tosic, Miroslav"]
[Black "Kirov, Nino"]
[Result "0-1"]
[WhiteElo "2415"]
[BlackElo "2435"]

1.e4 c5 2.Nf3 e6 3.d4 cxd4 4.Nxd4 a6 5.Bd3 Bc5 6.Nb3 Ba7 7.O-O Nc6 8.Re1 d6
9.Nc3 Nf6 10.a4 Ne5 11.Be3 O-O 12.Bxa7 Rxa7 13.Bf1 b6 14.f4 Ng6 15.g3 Rd7
16.Bg2 Bb7 17.Qe2 Qc7 18.Rad1 h6 19.Rd2 Rfd8 20.Red1 Qb8 21.h4 Qa8 22.h5 Nf8
23.g4 N8h7 24.Kh1 e5 25.g5 hxg5 26.fxg5 Nxg5 27.Nd5 Bxd5 28.exd5 e4 29.Qe3 Nfh7
30.Rf1 Re8 31.Nd4 Qxd5 32.Nf5 Qe5 33.c4 Nf3 34.Bxf3 Qxf5 35.Be2 Qe5 36.Rg1 Qf6
37.Bg4 Rc7 38.Rf2 Qe7 39.Bf5 Kh8 40.Rfg2 Qh4+ 41.Rh2 Qf6 42.Rf2 Qh6 43.Qe2 Rc5
44.b4 Rce5 45.Rgf1 Nf6 46.Rh2 Kg8 47.Qg2 e3 48.Qe2 a5  0-1

[Event "Ciego de Avila"]
[Site "Ciego de Avila"]
[Date "1996.??.??"]
[Round "1"]
[White "Moreno, Alejandro"]
[Black "Guedez, Armando"]
[Result "1/2-1/2"]
[WhiteElo "2385"]
[BlackElo "2365"]

1.e4 c5 2.Nf3 e6 3.d4 cxd4 4.Nxd4 a6 5.Bd3 Nc6 6.Nxc6 dxc6 7.O-O e5 8.Nd2 Nf6
9.Nc4 Qc7 10.a4 b5 11.axb5 cxb5 12.Ne3 Rb8 13.Bd2 Bc5 14.Qf3 O-O 15.Nf5  1/2-1/2

[Event "Capablanca mem-C"]
[Site "Cienfuegos"]
[Date "1996.??.??"]
[Round "9"]
[White "Pupo, Emilio"]
[Black "Garcia, Osmel"]
[Result "1-0"]
[WhiteElo "2435"]
[BlackElo "2335"]

1.e4 c5 2.Nf3 e6 3.d4 cxd4 4.Nxd4 a6 5.Bd3 Qc7 6.O-O Nf6 7.Qe2 d6 8.c4 Nbd7
9.Nc3 g6 10.Nf3 Bg7 11.Bf4 Ng4 12.Rac1 O-O 13.Rfd1 b6 14.Bb1 Nge5 15.b3 Nxf3+
16.Qxf3 Ne5 17.Qe3 Rd8 18.h3 Bd7 19.Bh6 Bxh6 20.Qxh6 Qc5 21.Qd2 Be8 22.Kh1 Rab8
23.f4 Nc6 24.Nd5 exd5 25.cxd5 Qb4 26.dxc6 Qxd2 27.Rxd2 Rbc8 28.c7 Rd7 29.Rdc2 b5
30.Kh2 Re7 31.Rc3 b4 32.Rd3 Rcxc7 33.Rxc7 Rxc7 34.Rxd6 Rc1 35.Bd3 Rd1 36.e5 a5
37.Bc4 Rxd6 38.exd6 Kf8 39.Kg3 Bc6 40.Kf2 Be4 41.g3 Bb1 42.Ke3 Bxa2 43.Kd4 Ke8
44.Bb5+ Kd8 45.Ba4 Bb1 46.g4 h5 47.Ke5 hxg4 48.hxg4 Bc2 49.Kd5 Bd1 50.g5 Bg4
51.Kc5 Bd7 52.Bxd7 Kxd7 53.Kb5 Kxd6 54.Kxa5 Kc5 55.Ka4 Kd4 56.Kxb4 Ke4 57.Kc5 Kxf4
58.b4 Kxg5 59.b5 Kg4 60.b6 f5 61.b7  1-0

[Event "CZE-chT 9596"]
[Site "?"]
[Date "1996.??.??"]
[Round "1"]
[White "Oral, Tomas"]
[Black "Pekarek, Ales"]
[Result "1-0"]
[WhiteElo "2460"]
[BlackElo "2445"]

1.e4 c5 2.Nf3 e6 3.d4 cxd4 4.Nxd4 a6 5.Bd3 Qc7 6.O-O Nc6 7.Be3 Nge7 8.f4 Nxd4
9.Bxd4 Nc6 10.Be3 d6 11.Qg4 g6 12.f5 Ne5 13.Qh4 Qd8 14.f6 h5 15.h3 Bh6 16.Bxh6 Qb6+
17.Qf2 Qxf2+ 18.Rxf2 Rxh6 19.Nd2 Bd7 20.Nc4 Nxc4 21.Bxc4 Rc8 22.Bb3 g5 23.Rd1 Rc6
24.c4 b5 25.c5 dxc5 26.Rfd2 Rc7 27.e5 h4 28.Bc2 Kd8 29.Be4 Kc8 30.Rd6 Ra7
31.Rc1 c4 32.b3 g4 33.hxg4 h3 34.bxc4 h2+ 35.Kh1 bxc4 36.Rxc4+ Rc7 37.Rxc7+ Kxc7
38.Rxa6 Rh4 39.Ra7+  1-0

[Event "CZE-chT2c 9596"]
[Site "CZE"]
[Date "1996.??.??"]
[Round "8"]
[White "Markovic, Milan2"]
[Black "Potomak, Vladimir"]
[Result "0-1"]
[WhiteElo "2165"]
[BlackElo "2215"]

1.e4 c5 2.Nf3 e6 3.d4 cxd4 4.Nxd4 a6 5.Bd3 Nf6 6.O-O d6 7.c4 g6 8.Nc3 Bg7
9.Qe2 O-O 10.Be3 Nbd7 11.Kh1 d5 12.Nb3 dxe4 13.Nxe4 Nxe4 14.Bxe4 Nf6 15.Bf3 e5
16.Bc5 e4 17.Bxe4 Re8 18.f3 Bf5 19.Rad1 Qc7 20.Bd6 Nxe4 21.fxe4 Qc8 22.Qf2 Rxe4
23.c5 Qe8 24.Rfe1 Qa4 25.Rxe4 Bxe4 26.Re1 Re8 27.Nd2 Bd5 28.b3 Qc6 29.Nc4 Rxe1+
30.Qxe1 Bxg2+ 31.Kg1 Bd4+ 32.Ne3 Qf3  0-1

[Event "Decin op"]
[Site "Decin"]
[Date "1996.??.??"]
[Round "2"]
[White "Cioara, Andrei Nestor"]
[Black "Kievelitz, Bernd"]
[Result "1-0"]
[WhiteElo "2320"]
[BlackElo "2145"]

1.e4 c5 2.Nf3 e6 3.d4 cxd4 4.Nxd4 a6 5.Bd3 g6 6.O-O Bg7 7.Be3 Ne7 8.Nd2 O-O
9.f4 d5 10.e5 Nf5 11.Bxf5 exf5 12.a4 Nc6 13.N2f3 Be6 14.c3 Qd7 15.a5 Nxd4
16.Nxd4 Rfc8 17.Bf2 Qe7 18.Qf3 Rc7 19.Qh3 Rac8 20.Bh4 Qf8 21.Qf3 Kh8 22.h3 h5
23.Qg3 Kh7 24.Bg5 Bh6 25.Bf6 Bg7 26.Qh4 Bxf6 27.exf6 Qh6 28.Rae1 Re8 29.Re5 Rd7
30.Rfe1 Rd6 31.R1e3 Kg8 32.Rg3 Kf8 33.Rge3 Kg8 34.Kf2 Kf8 35.Kf3 Kg8 36.Qe1 Qf8
37.h4 Kh7 38.Nxe6 Rdxe6 39.Rxe6 Rxe6 40.Rxe6 fxe6 41.Qxe6 Kh8 42.Qe7 Kg8
43.Qxf8+ Kxf8 44.Ke3  1-0

[Event "Decin op"]
[Site "Decin"]
[Date "1996.??.??"]
[Round "5"]
[White "Filipenko, Alexander V"]
[Black "Kostin, Alexey"]
[Result "1/2-1/2"]
[WhiteElo "2430"]
[BlackElo "2300"]

1.e4 c5 2.Nf3 e6 3.d4 cxd4 4.Nxd4 a6 5.Bd3 Bc5 6.Nb3 Ba7 7.Nc3 Nc6 8.Qe2 d6
9.Be3 Nf6 10.O-O-O b5 11.Bxa7 Rxa7 12.Qe3 Rc7 13.f4 Nb4 14.Kb1 Bb7 15.a3 Nxd3
16.cxd3 O-O 17.Rc1 Qd7 18.Qb6 Rc6 19.Qd4 Ba8 20.Na5 Rcc8 21.Na2 e5 22.fxe5 dxe5
23.Qxd7 Nxd7 24.Rxc8 Rxc8 25.g4 Nf6 26.Rg1 h5 27.gxh5 Nxh5 28.Rc1 Rd8 29.Nb4 Nf4
30.Rc3 g6 31.Kc2 f5 32.exf5 gxf5 33.Nac6 Re8 34.Nxe5 Ne2 35.Rc7 f4 36.Ng4 f3
37.Nf6+ Kf8 38.Nh7+ Kg8 39.Nf6+ Kf8 40.Nh7+ Kg8 41.Nf6+ Kf8  1/2-1/2

[Event "Dresden op"]
[Site "Dresden"]
[Date "1996.??.??"]
[Round "2"]
[White "Lawrenz, Alexander"]
[Black "Miezis, Normunds"]
[Result "0-1"]
[WhiteElo "2165"]
[BlackElo "2530"]

1.e4 c5 2.Nf3 e6 3.d4 cxd4 4.Nxd4 a6 5.Bd3 Nc6 6.Nxc6 dxc6 7.Nd2 e5 8.Qh5 Bd6
9.Nc4 Nf6 10.Qh4 b5 11.Nxd6+ Qxd6 12.Bg5 Nd7 13.O-O-O Qe6 14.Kb1 O-O 15.Be2 f6
16.Be3 Qe7 17.Bg4 Rd8 18.Rd3 Nf8 19.Rc3 Bxg4 20.Qxg4 Rac8 21.Rd1 Rxd1+ 22.Qxd1 Ne6
23.Rd3 Rc7 24.Qd2 g6 25.Qa5 f5 26.exf5 gxf5 27.Qxa6 e4 28.Rd1 f4 29.Bb6 Rb7
30.Ba5 Ra7 31.Qc8+ Kf7 32.Bb6 Qb7 33.Qxb7+ Rxb7 34.Ba5 b4 35.a3 bxa3 36.b3 c5
37.Re1 a2+ 38.Kb2 Ra7 39.Bc3 Kg6 40.g3 e3 41.fxe3 f3 42.Ka1 Ng5 43.Rf1 Ne4
44.Rxf3 Nxc3 45.e4 Nxe4 46.Rf4 Nd2 47.Rf2 Nb1 48.c4 Rb7 49.Rxa2 Rxb3 50.Ra6+ Kf5
51.Ka2 Rb4 52.Rh6 Ke4 53.Rxh7 Kd3 54.Rf7 Rb8 55.h4 Kc2 56.Rf2+ Nd2  0-1

[Event "Dresden op"]
[Site "Dresden"]
[Date "1996.??.??"]
[Round "8"]
[White "Polzin, Rainer"]
[Black "Miezis, Normunds"]
[Result "0-1"]
[WhiteElo "2405"]
[BlackElo "2530"]

1.e4 c5 2.Nf3 e6 3.d4 cxd4 4.Nxd4 a6 5.Bd3 Nc6 6.Nxc6 dxc6 7.Nd2 e5 8.Qh5 Bd6
9.Nc4 Nf6 10.Qh4 Be6 11.Bg5 Be7 12.O-O-O Ng4 13.Bxe7 Qxe7 14.Qxe7+ Kxe7 15.Rd2 b5
16.Na5 Rac8 17.f3 Nf6 18.Rhd1 Rc7 19.Bf1 g5 20.c4 Nd7 21.Kb1 b4 22.c5 b3
23.a3 g4 24.Rd6 Nxc5 25.Nxc6+ Kf6 26.Nb4 Kg5 27.Nd5 Bxd5 28.exd5 gxf3 29.gxf3 f5
30.Bxa6 Kf4 31.Bb5 e4 32.fxe4 Nxe4 33.Rc6 Rb7 34.a4 Rg8 35.Rc4 Ke3 36.Rb4 Nd2+
37.Ka1 Rbg7 38.d6 Rg1 39.Bf1 Rxf1 40.Rxf1 Nxf1 41.Rxb3+ Ke4 42.Rb7 Ke5 43.Rxh7 Kxd6
44.a5 Nd2 45.a6 Ra8 46.a7 f4 47.b4 f3 48.Rf7 Ke6 49.Rf4 Rxa7+ 50.Kb2  0-1

[Event "Nord Cup 2nd"]
[Site "Duesseldorf"]
[Date "1996.??.??"]
[Round "5"]
[White "Wengenroth, Walter"]
[Black "Podzielny, Karl Heinz"]
[Result "0-1"]
[WhiteElo "2130"]
[BlackElo "2465"]

1.e4 c5 2.Nf3 e6 3.d4 cxd4 4.Nxd4 a6 5.Bd3 Nf6 6.O-O Qc7 7.c4 d6 8.Nc3 Nbd7
9.b3 Be7 10.Bb2 g5 11.Rc1 Rg8 12.Nb1 b6 13.Nd2 Bb7 14.Re1 Ne5 15.Bf1 g4 16.b4 Nfd7
17.Rc2 h5 18.f4 gxf3 19.N2xf3 Rg4 20.Nd2 Nf6 21.Be2 Rg5 22.N4f3 Rg8 23.Bf1 Ng6
24.a3 Nf4 25.Kh1 Ng4 26.Bd4 h4 27.h3 Nf6 28.Nxh4 N6h5 29.Bf2 Ng3+ 30.Bxg3 Rxg3
31.Ndf3 Qd8 32.Qd2 Bxh4 33.Qxf4 Rxf3 34.gxf3 Bxe1 35.Rg2 Qe7 36.Rg8+ Kd7
37.Rg7 Rf8 38.Qe3 Bc3 39.Qxb6 Kc8  0-1

[Event "RUS-ch sf"]
[Site "Ekaterinburg"]
[Date "1996.??.??"]
[Round "?"]
[White "Kozirev, Alexander"]
[Black "Chuprov, Dmitry"]
[Result "1/2-1/2"]
[WhiteElo "2370"]
[BlackElo "2460"]

1.e4 c5 2.Nf3 e6 3.d4 cxd4 4.Nxd4 a6 5.Bd3 Nf6 6.O-O d6 7.c4 Bd7 8.Nc3 Nc6
9.Be3 Be7 10.Rc1 O-O 11.a4 Rc8 12.Nxc6 Bxc6 13.b4 a5 14.b5 Be8 15.f4 Nd7
16.Rf3 Nc5 17.Bc2 g6 18.Qd2 f5 19.exf5 gxf5 20.Bd4 Bg6 21.Re1 Bh4 22.Ree3 Bf6
23.Bxf6 Qxf6 24.Qxd6 Rfd8 25.Qe5 Qxe5 26.Rxe5 Rd4 27.Bb1 b6 28.h3 Rcd8 29.Kf2 R8d6
30.Kg3 Rxc4 31.Ba2 Rcd4 32.Rfe3 Bf7 33.Kf3 Kg7 34.g4 Nd3 35.gxf5 Rxf4+ 36.Kg3 Rxf5
37.Rxf5 exf5 38.Re7 Rf6 39.Rxf7+ Rxf7 40.Bxf7 Kxf7 41.Nd5 Ke6 42.Nxb6 Nb2
43.Kf4 Kd6 44.Kxf5 Kc5 45.Nd7+ Kd6 46.Ne5 Nxa4 47.Nc4+ Kc5 48.Nxa5 Kxb5 49.Nb7 Kc6
50.Nd8+ Kd7 51.Ne6 Ke7 52.Ng5 Nc5 53.Nxh7 Ne6 54.h4 Kf7 55.Ng5+ Nxg5 56.hxg5  1/2-1/2

[Event "RUS-ch U20"]
[Site "Ekaterinburg"]
[Date "1996.??.??"]
[Round "3"]
[White "Lastin, Alexander"]
[Black "Prokopchuk, Evgeny"]
[Result "1-0"]
[WhiteElo "2480"]
[BlackElo "2450"]

1.Nf3 c5 2.e4 e6 3.d4 cxd4 4.Nxd4 a6 5.Bd3 Nf6 6.O-O d6 7.c4 Bd7 8.Nc3 Nc6
9.Nxc6 Bxc6 10.b3 Be7 11.Bb2 O-O 12.Qe2 Re8 13.Rad1 Qb8 14.f4 g6 15.Kh1 Nd7
16.Qf2 b5 17.e5 dxe5 18.Be4 Qb7 19.fxe5 Rf8 20.Nd5 Bd8 21.Ba3 b4 22.Bxb4 exd5
23.Bxf8 Nxf8 24.cxd5 Bb5 25.d6  1-0

[Event "RUS-ch U20"]
[Site "Ekaterinburg"]
[Date "1996.??.??"]
[Round "7"]
[White "Yemelin, Vasily"]
[Black "Prokopchuk, Evgeny"]
[Result "1/2-1/2"]
[WhiteElo "2495"]
[BlackElo "2450"]

1.e4 c5 2.Nf3 e6 3.d4 cxd4 4.Nxd4 a6 5.Bd3 Nf6 6.O-O d6 7.c4 Nbd7 8.Nc3 Qc7
9.f4 Be7 10.Kh1 O-O 11.g4 g6 12.g5 Ne8 13.Be3 b6 14.f5 Ne5 15.Rc1 Bd7 16.a4 Rc8
17.b3 Qb7 18.f6 Bd8 19.Nf3 Nxd3 20.Qxd3 b5 21.cxb5 axb5 22.Nxb5 Bc6 23.Nc3 Ba5
24.Nd4 Bxc3 25.Nxc6 Rxc6 26.Rxc3 Rxc3 27.Qxc3 Qxe4+ 28.Kg1 Qg4+ 29.Kf2 h6
30.a5 hxg5 31.a6 e5 32.Ke1 Qe4 33.Kd2 Qd5+ 34.Kc2 Qe4+ 35.Qd3 Qa8 36.a7 Nc7
37.Qxd6 Nd5 38.Bc5 Rd8 39.Qxe5 Rc8 40.Kb2 Rxc5 41.Rd1 Rb5 42.Re1 Kh7 43.Qe8  1/2-1/2

[Event "RUS-ch"]
[Site "Elista"]
[Date "1996.??.??"]
[Round "3"]
[White "Tsebekov, Hongr"]
[Black "Landa, Konstantin"]
[Result "1/2-1/2"]
[WhiteElo "2240"]
[BlackElo "2570"]

1.e4 c5 2.Nf3 e6 3.d4 cxd4 4.Nxd4 a6 5.Bd3 g6 6.O-O Bg7 7.Nf3 Nc6 8.c4 Nge7
9.Nc3 d5 10.cxd5 exd5 11.exd5 Nxd5 12.Re1+ Nde7 13.Bg5 Be6 14.Qe2 O-O 15.Bc4 Bxc4
16.Qxc4 Rc8 17.Qe4 Rc7 18.Qf4 Rd7 19.Bf6 Bxf6 20.Qxf6 Nd5 21.Nxd5 Rxd5 22.Qf4 Kg7
23.h3 Qf6 24.Qxf6+ Kxf6 25.Re4 Rfd8 26.Rae1 a5 27.g3 R8d7 28.Kg2 Rb5 29.R1e2 Re7
30.Rf4+ Kg7 31.Rxe7 Nxe7 32.b3 Nd5 33.Rc4 Kf6 34.Kf1 Nb4 35.a4 Rd5 36.Ke2 Nc6
37.Ke3 h6 38.h4 Ke7 39.Rc3 Ke6 40.Rc1 g5 41.hxg5 hxg5 42.Rc4 Kd6 43.Nd2 f5
44.Nf3 Ne5 45.Nxe5 Rxe5+ 46.Kd3 b5 47.Rd4+ Kc5 48.axb5 Kxb5 49.f4 gxf4 50.Rxf4 Rd5+
51.Kc3 Rc5+ 52.Kd3 Rd5+ 53.Kc3 Rc5+ 54.Kd3  1/2-1/2

[Event "RUS-ch"]
[Site "Elista"]
[Date "1996.??.??"]
[Round "4"]
[White "Nevostrujev, Vladimir"]
[Black "Tsebekov, Hongr"]
[Result "1-0"]
[WhiteElo "2405"]
[BlackElo "2240"]

1.e4 c5 2.Nf3 e6 3.d4 cxd4 4.Nxd4 a6 5.Bd3 g6 6.c4 Bg7 7.Be3 Ne7 8.Nc3 O-O
9.O-O d5 10.exd5 exd5 11.c5 Nbc6 12.Nce2 Be6 13.Qd2 Qd7 14.Rac1 Ne5 15.Rfd1 Nxd3
16.Qxd3 Rfe8 17.b4 Bg4 18.f3 Bf5 19.Qb3 h6 20.Bf2 Rad8 21.a4 Nc6 22.b5 axb5
23.axb5 Na5 24.Qb4 Nc4 25.c6 bxc6 26.bxc6 Qc7 27.Nxf5 gxf5 28.Ng3 Qxc6 29.Nxf5 Bf8
30.Qc3 Qg6 31.g4 Qg5 32.Bh4 Qf4 33.Bxd8 Rxd8 34.Kg2 h5 35.Rd4 Qg5 36.Rcd1 Ra8
37.Rxd5 hxg4 38.Qxc4 gxf3+ 39.Kxf3  1-0

[Event "RUS-ch"]
[Site "Elista"]
[Date "1996.??.??"]
[Round "5"]
[White "Yemelin, Vasily"]
[Black "Landa, Konstantin"]
[Result "1-0"]
[WhiteElo "2460"]
[BlackElo "2570"]

1.e4 c5 2.Nf3 e6 3.d4 cxd4 4.Nxd4 a6 5.Bd3 g6 6.O-O Bg7 7.Nf3 Nc6 8.Nc3 d5
9.exd5 exd5 10.Bg5 Nge7 11.Qd2 O-O 12.Rfe1 Re8 13.h3 Be6 14.Ne2 d4 15.Nf4 Bd5
16.Nxd5 Qxd5 17.Be4 Qc5 18.Re2 Nf5 19.Rae1 Nd6 20.Bxc6 Rxe2 21.Rxe2 bxc6
22.Be7 Qd5 23.Bxd6 Qxd6 24.Qd3 Rb8 25.b3 Qa3 26.Qc4 Rf8 27.g3 Qxa2 28.Re7 Qa5
29.Qxc6 Qa3 30.Rd7 a5 31.Kg2 a4 32.bxa4 Qc3 33.Rc7 Qa5 34.Qc4 h6 35.h4 Qa8
36.Qc6 Qa5 37.Rc8 g5 38.hxg5 hxg5 39.Rxf8+ Kxf8 40.Qc4 Qa8 41.g4 Bf6 42.Qb5 Qc8
43.Qf5 Qc6 44.Kg1 Ke8 45.a5 Kd8 46.Nxg5 Bxg5 47.Qxg5+ f6 48.Qf4 Ke7 49.Qxd4 Qxc2
50.a6 Qc1+ 51.Kh2 Qc7+ 52.Kg2 Qc1 53.Kh2 Qc7+ 54.Kh3 Qc6 55.a7 Kf7 56.Kg3 Qc7+
57.Kg2 Qc6+ 58.f3 Qc2+ 59.Kh3 Qa2 60.Qd7+ Kg6 61.Qe8+  1-0

[Event "RUS-ch"]
[Site "Elista"]
[Date "1996.??.??"]
[Round "8"]
[White "Nevostrujev, Vladimir"]
[Black "Landa, Konstantin"]
[Result "0-1"]
[WhiteElo "2405"]
[BlackElo "2570"]

1.e4 c5 2.Nf3 e6 3.d4 cxd4 4.Nxd4 a6 5.Bd3 g6 6.c4 Bg7 7.Be3 d5 8.exd5 exd5
9.Nc3 Nf6 10.cxd5 Nxd5 11.Nxd5 Qxd5 12.O-O O-O 13.Be2 Nd7 14.Qa4 Ne5 15.Rfd1 b5
16.Qb3 Qxb3 17.axb3 Bb7 18.Rac1 Rac8 19.f4 Nc6 20.Nxc6 Rxc6 21.Rxc6 Bxc6
22.Rd2 Rc8 23.Kf2 Kf8 24.g4 Ke8 25.Bd4 Bxd4+ 26.Rxd4 Ke7 27.Ke3 f5 28.gxf5 gxf5
29.Bd3 Ke6 30.b4 Rg8 31.Bb1 Rg1 32.Ba2+ Ke7 33.Rd2 Be4 34.Bb3 Rf1 35.Bd1 Rh1
36.Bh5 Re1+ 37.Re2 Rc1 38.Rd2 Rc4 39.Rd4 Rc6 40.Bd1 Rh6 41.Rd2 Rh3+ 42.Kd4 Kd6
43.Bg4 Rb3 44.Bd1 Rxb4+ 45.Kc3+ Kc5 46.Bb3 Bc6 47.Rf2 Rd4 48.Kc2 Be4+ 49.Kc1 a5
50.Bg8 Rd7 51.Be6 Re7 52.Bb3 Kd4 53.Kd2 Rg7  0-1

[Event "Essen tt"]
[Site "Essen"]
[Date "1996.??.??"]
[Round "?"]
[White "Lau, Ralf"]
[Black "Henrichs, Thomas"]
[Result "1/2-1/2"]
[WhiteElo "2495"]
[BlackElo "2340"]

1.e4 c5 2.Nf3 e6 3.d4 cxd4 4.Nxd4 a6 5.Bd3 Nf6 6.O-O Qc7 7.Qe2 d6 8.c4 Nbd7
9.f4 h5 10.Nc3 Qb6 11.Be3 Ng4 12.Nf5 Nxe3 13.Nxe3 Be7 14.Rae1 g5 15.f5 Ne5
16.Kh1 g4 17.Bc2 Bd7 18.Ba4 Bxa4 19.Nxa4 Qc6 20.Nc3 Bg5 21.b3 b5 22.fxe6 fxe6
23.Ned5 bxc4 24.bxc4 Rc8 25.Qf2 Qc5 26.Qb2 Qc6 27.Qf2 Qc5 28.Qb2 Qc6  1/2-1/2

[Event "Essen tt"]
[Site "Essen"]
[Date "1996.??.??"]
[Round "?"]
[White "Meijers, Viesturs"]
[Black "Podzielny, Karl Heinz"]
[Result "1-0"]
[WhiteElo "2375"]
[BlackElo "2465"]

1.e4 c5 2.Nf3 e6 3.d4 cxd4 4.Nxd4 a6 5.Bd3 Nf6 6.Qe2 d6 7.Nc3 Qc7 8.f4 Nbd7
9.f5 e5 10.Nf3 b5 11.a3 Bb7 12.Bd2 Rc8 13.h3 Nb6 14.a4 b4 15.Nd1 Nc4 16.b3 Nxd2
17.Nxd2 Ra8 18.Ne3 Qc5 19.O-O-O Be7 20.g4 h6 21.h4 Nd7 22.Kb1 Qc7 23.Bc4 Nb6
24.Qd3 Qc5 25.Nf3 Rc8 26.g5 Nxc4 27.Nxc4 f6 28.gxf6 gxf6 29.Rhg1 Rd8 30.Qe2 Rd7
31.h5 Kd8 32.Rg7 Re8 33.Nh4 d5 34.exd5 Rxd5 35.Ng2 Rxd1+ 36.Qxd1+ Qd4 37.Qxd4+ exd4
38.Nf4 Bc8 39.Na5 Kd7 40.Nd5 Kd6 41.Nxe7 Rxe7 42.Nc4+  1-0

[Event "FIN-ch U20"]
[Site "FIN"]
[Date "1996.??.??"]
[Round "2"]
[White "Luukkonen, Tommi"]
[Black "Kauko, Jussi Matti"]
[Result "1-0"]
[WhiteElo "2100"]
[BlackElo "2225"]

1.e4 c5 2.Nf3 e6 3.d4 cxd4 4.Nxd4 a6 5.Bd3 Bc5 6.Nb3 Ba7 7.Qe2 Nc6 8.Nc3 b5
9.a4 b4 10.Nd5 d6 11.Ne3 Nge7 12.O-O O-O 13.a5 Ne5 14.Rd1 Qc7 15.Ra4 Bc5
16.Bd2 Qc6 17.Rda1 Rb8 18.f4 Nxd3 19.cxd3 Qb5 20.Kh1 Bd7 21.Nc4 Qxa4 22.Rxa4 Bxa4
23.Nxc5 dxc5 24.Be3 Rb5 25.Qg4 Bb3 26.f5 exf5 27.exf5 f6 28.Bh6 Rf7 29.Nd6 Rxa5
30.h4 Ra4 31.Kh2 g6 32.Nxf7 Kxf7 33.fxg6+ hxg6 34.Be3 Be6 35.Qf4 Nd5 36.Qh6 Nxe3
37.Qxe3 Ra5 38.Qh6 f5 39.Qf4 Rb5 40.g4 Rb7 41.g5 Kg8 42.Qd6 Bf7 43.Qxc5 Kg7
44.d4 b3 45.d5 Rd7 46.d6 f4 47.Qe5+ Kh7 48.Qxf4 a5 49.h5 a4 50.Qf6 a3 51.bxa3 Rb7
52.h6 Bd5 53.Qb2 Rf7  1-0

[Event "FIN-chT 9596"]
[Site "FIN"]
[Date "1996.??.??"]
[Round "10"]
[White "Helenius, Martti"]
[Black "Havansi, Erkki ET"]
[Result "1/2-1/2"]
[WhiteElo "2280"]
[BlackElo "2270"]

1.e4 c5 2.Nf3 e6 3.d4 cxd4 4.Nxd4 a6 5.Bd3 Nf6 6.O-O d6 7.Nc3 Be7 8.Be3 O-O
9.f4 Qc7 10.Qf3 Nc6 11.Rae1 Nxd4 12.Bxd4 e5 13.Bf2 Bg4 14.Qe3 exf4 15.Qxf4 Rae8
16.Bd4 Bh5 17.Kh1 Bg6 18.Bxf6 Bxf6 19.Nd5 Qc6 20.Nxf6+ gxf6 21.Qxf6 Re6 22.Qf4 Rfe8
23.Re3 R8e7 24.Rg3 Qc5 25.b3 b5 26.a4 Re5 27.axb5 axb5 28.Qf6 R5e6 29.Qh4 Re5
30.h3 Qd4 31.Qh6 Ra7 32.Qf4 Qc5 33.Qf6 Qc7 34.Rg4 Qd7 35.c4 b4 36.c5 Re6
37.Qf4 dxc5 38.Bc4 Re7 39.Qf6 Qd4 40.Bd5 Qxf6 41.Rxf6 Kg7 42.Rc6 Rec7 43.Rb6 Ra2
44.Rf4 Re2 45.Rb5 Kf8 46.Rb6 Re7 47.Rbf6 Ke8 48.Rc6 Bxe4 49.Rxc5 f5 50.Bxe4 fxe4
51.Rc4 e3 52.Rxb4 Re1+ 53.Kh2 e2 54.Rbe4  1/2-1/2